| 000 | 00444nam a2200157 4500 | ||
|---|---|---|---|
| 001 | 133211 | ||
| 003 | ES-MaACL | ||
| 005 | 20230906194340.0 | ||
| 007 | t| | ||
| 008 | 070214s1919 fr r ||||1| fre d | ||
| 100 | 1 |
_aRostand, Edmond. _999921 |
|
| 245 | 1 | 4 |
_aLes musardises _b: édition nouvelle 1887-1893 / _cEdmond Rostand. |
| 260 |
_aParis : _bPhilippe Ronouard, _c1919. |
||
| 300 |
_aVIII, 298 p. ; _c21 cm. |
||
| 852 |
_aES-MaACL _jF-11646 |
||
| 999 |
_c133211 _d133211 |
||